Proč lidé pláčou před obrazy : příběhy lidí, které obrazy dojaly k slzám
Guardado en:
| Autor principal: | |
|---|---|
| Formato: | Libro |
| Lenguaje: | checo |
| Publicado: |
Praha :
Academia,
2007
|
| Etiquetas: |
Sin Etiquetas, Sea el primero en etiquetar este registro!
|
MARC
| LEADER | 00000nam a22000003a 4500 | ||
|---|---|---|---|
| 001 | stu215908 | ||
| 005 | 20150617230127.4 | ||
| 008 | 101105s2007------------------------cze-d | ||
| 020 | |a 978-80-200-1509-9 | ||
| 040 | |a STU |b slo | ||
| 041 | 0 | |a cze | |
| 100 | 1 | |a Elkins, James |4 aut | |
| 245 | 1 | |a Proč lidé pláčou před obrazy : |b příběhy lidí, které obrazy dojaly k slzám | |
| 260 | |a Praha : |b Academia, |c 2007 | ||
| 300 | |a 214 s | ||
| 996 | |b 284AU04571 |c A*7109 |l AA3130 |s P |a 0 |w stu215908_0001 | ||